[Event "Oberliga Baden 0001"]
[Site "?"]
[Date "2000.11.12"]
[Round "2.1"]
[White "Metz Hartmut"]
[Black "Schlosser Philipp"]
[Result "0-1"]
[WhiteElo "2334"]
[BlackElo "2523"]
[PlyCount "80"]
[EventDate "2000.??.??"]
[Source "www.chesslib.no"]
[SourceDate "2004.05.04"]

1. e4 c5 2. Nf3 d6 3. d4 cxd4 4. Nxd4 Nf6 5. Nc3 a6 6. Bg5 e6 7. f4 b5 8. Bd3 Nbd7 9. Qe2 Qb6 10. Nf3 Bb7 11. f5 e5 12. a3 Rc8 13. Nd2 Be7 14. Be3 Qc7 15. O-O O-O 16. g4 d5 17. g5 d4 18. gxf6 Nxf6 19. Nxb5 axb5 20. Bg5 Ne8 21. Nf3 Bxg5 22. Nxg5 Nf6 23. Nh3 Qb6 24. Nf2 Rc5 25. h3 Rfc8 26. Kh2 b4 27. axb4 Qxb4 28. Rg1 Qb6 29. Rg2 Qxb2 30. Rag1 Kf8 31. Ng4 Ke7 32. Nxf6 gxf6 33. Qh5 Rxc2 34. Qxh7 Rxg2+ 35. Rxg2 Qc1 36. Qh4 Rc3 37. Bb5 Rc2 38. Be2 Qe3 39. Qe1 Qf4+ 40. Rg3 Rc3 0-1

[Event "Capablanca Mem Premier 1"]
[Site "?"]
[Date "2005.05.11"]
[Round "6"]
[White "Perez Luis Manuel"]
[Black "Mosquera Miguel"]
[Result "1/2-1/2"]
[WhiteElo "2420"]
[BlackElo "2434"]
[PlyCount "53"]
[EventDate "2005.??.??"]
[Source "www.chesslib.no"]
[SourceDate "2004.05.04"]

1. e4 c5 2. Nf3 d6 3. d4 cxd4 4. Nxd4 Nf6 5. Nc3 a6 6. Bg5 e6 7. f4 b5 8. e5 dxe5 9. fxe5 Qc7 10. exf6 Qe5+ 11. Be2 Qxg5 12. O-O Bc5 13. Kh1 Qe5 14. Nf3 Qxf6 15. Ne4 Qe7 16. Ne5 f5 17. Bxb5+ axb5 18. Qh5+ g6 19. Nxg6 Qf7 20. Nf6+ Qxf6 21. Nxh8+ Kf8 22. Qxh7 Qg7 23. Ng6+ Kf7 24. Ne5+ Kf8 25. Ng6+ Kf7 26. Ne5+ Kf8 27. Ng6+ 1/2-1/2

[Event "21. Open"]
[Site "?"]
[Date "2005.02.12"]
[Round "1"]
[White "Bruned Yvalin"]
[Black "Gouliev Namig"]
[Result "0-1"]
[WhiteElo "2331"]
[BlackElo "2514"]
[PlyCount "79"]
[EventDate "2005.??.??"]
[Source "www.chesslib.no"]
[SourceDate "2004.05.04"]

1. e4 c5 2. Nf3 d6 3. d4 cxd4 4. Nxd4 Nf6 5. Nc3 a6 6. Bg5 e6 7. f4 b5 8. e5 dxe5 9. fxe5 Qc7 10. Qe2 Nfd7 11. O-O-O Bb4 12. Qg4 Bxc3 13. bxc3 Nxe5 14. Bxb5+ axb5 15. Nxb5 Qa5 16. Qb4 f6 17. Nd6+ Kf8 18. Qxa5 Rxa5 19. Nxc8 Kf7 20. Nd6+ Kg6 21. Bf4 Nbc6 22. Bxe5 Nxe5 23. Rd4 Rxa2 24. Rhd1 Rb8 25. Rb4 Rd8 26. Rdd4 h5 27. Nc4 Nc6 28. Rxd8 Nxd8 29. Kb1 Ra6 30. Rb8 Nc6 31. Rb2 e5 32. Ne3 f5 33. Rb5 f4 34. Nc4 e4 35. Nd2 e3 36. Nf3 Ne7 37. h4 Rd6 38. Kc1 Nd5 39. Kb2 e2 40. c4 0-1

[Event "It (Men) Gausdal NOR"]
[Site "?"]
[Date "2006.04.24"]
[Round "2"]
[White "Dworakowska Joanna"]
[Black "Bromberger Stefan"]
[Result "0-1"]
[WhiteElo "2364"]
[BlackElo "2481"]
[PlyCount "79"]
[EventDate "2006.??.??"]
[Source "www.chesslib.no"]
[SourceDate "2004.05.04"]

1. e4 c5 2. Nf3 d6 3. d4 cxd4 4. Nxd4 Nf6 5. Nc3 a6 6. Bg5 e6 7. f4 b5 8. e5 dxe5 9. fxe5 Qc7 10. exf6 Qe5+ 11. Be2 Qxg5 12. O-O Qe5 13. Nf3 Qe3+ 14. Kh1 Nd7 15. Re1 Qa7 16. Nd4 Nxf6 17. Bf3 Bb7 18. Nxe6 fxe6 19. Rxe6+ Be7 20. Qd6 Bxf3 21. Rae1 O-O 22. Rxe7 Qf2 23. gxf3 Qxf3+ 24. Kg1 Rac8 25. Qe6+ Kh8 26. Qe2 Qf5 27. Qg2 Ng4 28. h3 Qc5+ 29. Kh1 Nf2+ 30. Kh2 Qd6+ 31. Kg1 Qh6 32. R1e3 b4 33. Ne2 Rcd8 34. Kh2 Rd1 35. Qf3 Qd6+ 36. Qg3 Ng4+ 37. Kg2 Nxe3+ 38. Qxe3 Qg6+ 39. Kh2 Rdf1 40. Ng3 0-1

[Event "Bundesliga 2004-5"]
[Site "Baden Oos"]
[Date "2004.11.14"]
[Round "2"]
[White "Holzke, Frank Dr"]
[Black "Balzar, Andreas Dr"]
[Result "1/2-1/2"]
[WhiteElo "2492"]
[BlackElo "2352"]
[PlyCount "101"]
[EventDate "2004.11.14"]
[Source "Roberto Alvarez"]
[SourceDate "2004.11.22"]

1. e4 c5 2. Nf3 d6 3. d4 cxd4 4. Nxd4 Nf6 5. Nc3 a6 6. Bg5 e6 7. f4 b5 8. e5 dxe5 9. fxe5 Qc7 10. exf6 Qe5+ 11. Be2 Qxg5 12. Qd3 Qxf6 13. Rf1 Qe5 14. Rd1 Ra7 15. Ndxb5 Rd7 16. Qc4 Bb7 17. Rxd7 Nxd7 18. Nc7+ Ke7 19. Qb4+ Nc5 20. Na4 Qxc7 21. Nxc5 Bxg2 22. Nxe6+ Qd6 23. Qh4+ Ke8 24. Rg1 Qxe6 25. Rxg2 Be7 26. Qf4 Bd6 27. Qf3 Qe5 28. Qa8+ Bb8 29. Rg4 f5 30. Qc6+ Ke7 31. Qb7+ Bc7 32. Rc4 Kd8 33. Qa8+ Bb8 34. Qb7 Bc7 35. Qa8+ Bb8 36. Rb4 Ke7 37. Rb7+ Kf6 38. Rb6+ Ke7 39. Qb7+ Bc7 40. Rc6 Kd7 41. Rc3 Re8 42. Qc6+ Kc8 43. Qa8+ Kd7 44. Qc6+ Kc8 45. Qxa6+ Kd8 46. Qd3+ Ke7 47. Qc4 Kf6 48. Qh4+ Kf7 49. Qc4+ Kf6 50. Qh4+ Kf7 51. Qc4+ 1/2-1/2

[Event "Vrnjacka Banja"]
[Site "Vrnjacka Banja YUG"]
[Date "1976.??.??"]
[Round "?"]
[White "Martinovic, Slobodan"]
[Black "Rajkovic, Dusan"]
[Result "0-1"]
[WhiteElo "2420"]
[BlackElo "2420"]
[PlyCount "84"]
[EventDate "1976.??.??"]
[Source "www.chesslib.no"]
[SourceDate "2004.05.04"]

1. e4 c5 2. Nf3 d6 3. d4 cxd4 4. Nxd4 Nf6 5. Nc3 a6 6. Bg5 e6 7. f4 b5 8. e5 dxe5 9. fxe5 Qc7 10. Qe2 Nfd7 11. O-O-O Bb7 12. Qg4 Qxe5 13. Bxb5 axb5 14. Rhe1 h5 15. Qh4 Qc5 16. Ncxb5 e5 17. Kb1 f6 18. Ne6 Qb4 19. Nbc7+ Kf7 20. Nxf8 Qxh4 21. Bxh4 Rxf8 22. Nxa8 Bxa8 23. Rd2 g5 24. Bg3 h4 25. Bf2 Bxg2 26. Bxh4 Bf3 27. Bg3 Ke6 28. a4 f5 29. b3 Rh8 30. Re3 Be4 31. Kb2 Nf6 32. Rc3 Nc6 33. Rc5 f4 34. Be1 Nd4 35. Ra5 Nf3 36. Re2 Nxe1 37. Rxe1 Rxh2 38. Ra6+ Kf5 39. Rxf6+ Kxf6 40. Rxe4 g4 41. a5 g3 42. a6 g2 0-1

[Event "Sarajevo"]
[Site "Sarajevo"]
[Date "1972.??.??"]
[Round "14"]
[White "Ivanovic, Bozidar"]
[Black "Tatai, Stefano"]
[Result "0-1"]
[WhiteElo "2380"]
[BlackElo "2460"]
[PlyCount "88"]
[EventDate "1972.??.??"]
[Source "ChessBase"]

1. e4 c5 2. Nf3 d6 3. d4 cxd4 4. Nxd4 Nf6 5. Nc3 a6 6. Bg5 e6 7. f4 b5 8. Qf3 Bb7 9. Bd3 Nbd7 10. O-O-O Qb6 11. Nb3 b4 12. Na4 Qc7 13. Rhe1 Be7 14. Kb1 Rb8 15. Qh3 e5 16. fxe5 dxe5 17. Be3 Qc6 18. g4 g6 19. g5 Nh5 20. Bc4 Bc8 21. Qf1 O-O 22. Rd5 Qxa4 23. Na5 Nb6 24. Bb3 Qe8 25. Rxe5 Be6 26. Qxa6 Bd8 27. Nb7 Qc6 28. Nxd8 Rfxd8 29. Rb5 Qxe4 30. Bxe6 Qxe3 31. Bxf7+ Kxf7 32. Rf1+ Kg8 33. Rxb4 Rf8 34. Rxf8+ Rxf8 35. a3 Qe1+ 36. Ka2 Qxb4 37. axb4 Ra8 38. b5 Kf7 39. Kb3 Rxa6 40. bxa6 Ke6 41. Kb4 Kd6 42. Kb5 Nc8 43. c4 Nf4 44. b4 Ne6 0-1

[Event "5th Open"]
[Site "Marseille"]
[Date "2004.07.02"]
[Round "9"]
[White "Vuckovic, Bojan"]
[Black "Midoux, Sebastien"]
[Result "1-0"]
[WhiteElo "2533"]
[BlackElo "2305"]
[PlyCount "57"]
[EventDate "2004.06.26"]
[Source "Roberto Alvarez"]
[SourceDate "2004.07.12"]

1. e4 c5 2. Nf3 d6 3. d4 cxd4 4. Nxd4 Nf6 5. Nc3 a6 6. Bg5 e6 7. f4 b5 8. e5 dxe5 9. fxe5 Qc7 10. exf6 Qe5+ 11. Be2 Qxg5 12. Qd3 Qxf6 13. Rf1 Qe5 14. Rd1 Ra7 15. Ndxb5 Rd7 16. Qc4 Bb7 17. Rxd7 Nxd7 18. Nc7+ Kd8 19. Nxa6 f5 20. g3 h5 21. Kd1 Be7 22. Kc1 g5 23. Rd1 g4 24. Kb1 Rh7 25. Nb8 Bf6 26. Nc6+ Bxc6 27. Qxc6 Qc7 28. Qxe6 Kc8 29. Qg8+ 1-0

[Event "LADAC anniversary"]
[Site "LADAC anniversary"]
[Date "1985.??.??"]
[Round "?"]
[White "Litovicius, Miguel Victor"]
[Black "Pappier, Carlos German"]
[Result "0-1"]
[WhiteElo "2350"]
[BlackElo "2485"]
[PlyCount "62"]
[EventDate "1985.??.??"]
[Source "www.chesslib.no"]
[SourceDate "2004.05.04"]

1. e4 c5 2. Nf3 d6 3. d4 cxd4 4. Nxd4 Nf6 5. Nc3 a6 6. Bg5 e6 7. f4 b5 8. e5 dxe5 9. fxe5 Qc7 10. exf6 Qe5+ 11. Be2 Qxg5 12. Qd3 Qxf6 13. Rf1 Qe5 14. Rd1 Ra7 15. Nf3 Qc7 16. Ng5 f5 17. Qd4 Qe7 18. Bh5+ g6 19. Qxh8 Qxg5 20. Bf3 Nd7 21. Qxh7 Qe3+ 22. Ne2 Ne5 23. Qh4 Bd7 24. Qf4 Nc4 25. Rf2 Bb4+ 26. c3 Bc5 27. Rd4 e5 28. Qxe3 Nxe3 29. Rxd7 Rxd7 30. Nc1 e4 31. Nb3 Bd6 0-1

[Event "Corr"]
[Site "?"]
[Date "1999.??.??"]
[Round "?"]
[White "Daurelle Herve"]
[Black "Berkley Stephen W"]
[Result "1-0"]
[WhiteElo "2266"]
[BlackElo "2565"]
[PlyCount "47"]
[EventDate "1999.??.??"]
[Source "www.chesslib.no"]
[SourceDate "2004.05.04"]

1. e4 c5 2. Nf3 d6 3. d4 cxd4 4. Nxd4 Nf6 5. Nc3 a6 6. Bg5 e6 7. f4 b5 8. e5 dxe5 9. fxe5 Qc7 10. Qe2 Nfd7 11. O-O-O Nc6 12. Nxc6 Qxc6 13. Qd3 h6 14. Bh4 Bb7 15. Be2 Qc7 16. Rhf1 Nc5 17. Qd4 Be7 18. Bxb5+ axb5 19. Nxb5 Qc6 20. Bxe7 Kxe7 21. Nd6 Rhf8 22. Qh4+ f6 23. exf6+ gxf6 24. Qxh6 1-0

[Event "Capablanca Memorial"]
[Site "Cienfuegos City CUB"]
[Date "1972.??.??"]
[Round "5"]
[White "Rodriguez, Orestes"]
[Black "Jimenez Zerquera, Eleazar"]
[Result "0-1"]
[WhiteElo "2420"]
[BlackElo "2410"]
[PlyCount "64"]
[EventDate "1972.02.??"]
[Source "www.chesslib.no"]
[SourceDate "2004.05.04"]

1. e4 c5 2. Nf3 d6 3. d4 cxd4 4. Nxd4 Nf6 5. Nc3 a6 6. Bg5 e6 7. f4 b5 8. e5 dxe5 9. fxe5 Qc7 10. exf6 Qe5+ 11. Qe2 Qxg5 12. Ne4 Qe5 13. O-O-O Ra7 14. Nf3 Qf4+ 15. Nfd2 Rd7 16. g3 Qe5 17. Bh3 Bb7 18. Rhe1 gxf6 19. Qf2 Be7 20. Bg2 f5 21. Ng5 Qc5 22. Qf4 Rc7 23. c3 Bxg2 24. Nb3 Qb6 25. Nd4 Rc4 26. Rd2 Bd5 27. Qe5 f6 28. Qe3 fxg5 29. Nxf5 Qc6 30. Qe5 Rf8 31. Qxb8+ Kf7 32. Qe5 Bf6 0-1

[Event "OHRA"]
[Site "Amsterdam"]
[Date "1983.??.??"]
[Round "?"]
[White "Murey, Jacob"]
[Black "Van der Vliet, Fredrik"]
[Result "1/2-1/2"]
[WhiteElo "2485"]
[BlackElo "2345"]
[PlyCount "60"]
[EventDate "1983.07.??"]
[Source "ChessBase"]

1. e4 c5 2. Nf3 d6 3. d4 cxd4 4. Nxd4 Nf6 5. Nc3 a6 6. Bg5 e6 7. f4 b5 8. e5 dxe5 9. fxe5 Qc7 10. exf6 Qe5+ 11. Qe2 Qxg5 12. g3 Ra7 13. Ne4 Qe5 14. c3 Bb7 15. fxg7 Bxg7 16. Bg2 O-O 17. O-O b4 18. Rae1 bxc3 19. bxc3 Bxe4 20. Bxe4 Qc5 21. Kh1 Nd7 22. Nc6 Rc7 23. Qxa6 Nf6 24. Bg2 Nd5 25. Nd4 Nxc3 26. Nb3 Qa7 27. Qd6 Rd7 28. Qc6 Rc7 29. Qd6 Rd7 30. Qc6 Rc7 1/2-1/2

[Event "Linares Anibal op 7th"]
[Site "Linares"]
[Date "2000.01.16"]
[Round "10"]
[White "Karatorossian, David"]
[Black "Minasian, Ara"]
[Result "1-0"]
[WhiteElo "2345"]
[BlackElo "2485"]
[PlyCount "35"]
[EventDate "2000.01.07"]
[Source "ChessBase"]
[SourceDate "2000.04.05"]

1. e4 c5 2. Nf3 d6 3. d4 cxd4 4. Nxd4 Nf6 5. Nc3 a6 6. Bg5 e6 7. f4 b5 8. Qf3 Bb7 9. Bd3 Nbd7 10. O-O-O Be7 11. Rhe1 b4 12. Nd5 Nxd5 13. exd5 Ne5 14. Nxe6 fxe6 15. Qh5+ g6 16. Bxg6+ Nxg6 17. Bxe7 Kxe7 18. dxe6 1-0

[Event "ch"]
[Site "Cuba"]
[Date "1986.??.??"]
[Round "?"]
[White "Diaz, Joaquin C"]
[Black "Vera, Reynaldo G"]
[Result "1-0"]
[WhiteElo "2365"]
[BlackElo "2460"]
[PlyCount "69"]
[EventDate "1986.??.??"]
[Source "www.chesslib.no"]
[SourceDate "2004.05.04"]

1. e4 c5 2. Nf3 d6 3. d4 cxd4 4. Nxd4 Nf6 5. Nc3 a6 6. Bg5 e6 7. f4 b5 8. e5 dxe5 9. fxe5 Qc7 10. exf6 Qe5+ 11. Be2 Qxg5 12. O-O Ra7 13. Qd3 Qe5 14. Ne4 Rd7 15. Nf3 Qxb2 16. Qe3 Bb7 17. a4 Qb4 18. c4 Bxe4 19. Qxe4 Qc5+ 20. Kh1 b4 21. Qf4 Qc7 22. Ne5 Bd6 23. fxg7 Bxe5 24. gxh8=Q+ Bxh8 25. Qg5 Bxa1 26. Qg8+ Ke7 27. Qxf7+ Kd6 28. Qf8+ Re7 29. Rxa1 e5 30. Rd1+ Kc5 31. a5 b3 32. Qf2+ Kb4 33. Qe1+ Kc5 34. Rd5+ Kc6 35. Qb4 1-0

[Event "World Open"]
[Site "Philadelphia, PA USA"]
[Date "1991.??.??"]
[Round "2"]
[White "Shabalov, Alexander"]
[Black "Tataev, Manach"]
[Result "1-0"]
[WhiteElo "2505"]
[BlackElo "2320"]
[PlyCount "93"]
[EventDate "1991.07.??"]
[Source "www.chesslib.no"]
[SourceDate "2004.05.04"]

1. e4 c5 2. Nf3 d6 3. d4 cxd4 4. Nxd4 Nf6 5. Nc3 a6 6. Bg5 e6 7. f4 b5 8. e5 dxe5 9. fxe5 Qc7 10. exf6 Qe5+ 11. Be2 Qxg5 12. Qd3 Ra7 13. Ne4 Qe5 14. Nf3 Qxb2 15. O-O Rd7 16. Qe3 Bb7 17. Kh1 Bxe4 18. Qxe4 gxf6 19. c4 b4 20. c5 Bxc5 21. Rab1 Qc3 22. Rb3 f5 23. Qa8 Qf6 24. Qxb8+ Ke7 25. Qf4 Bd6 26. Qe3 a5 27. Nd4 Kf8 28. Bb5 Rc7 29. Qd2 Be5 30. Nc6 Bc3 31. Qd6+ Re7 32. h3 h5 33. Rxc3 bxc3 34. Qd8+ Kg7 35. Qxe7 Qxe7 36. Nxe7 Rd8 37. Rc1 Rd2 38. Bc4 Kf6 39. Nc6 e5 40. Rxc3 e4 41. Nxa5 f4 42. Nc6 e3 43. a4 Kf5 44. Bb5 f6 45. Rc5+ Ke4 46. Rc4+ Kd5 47. Rxf4 1-0

[Event "FRA-ch Pool A"]
[Site "Vichy"]
[Date "2000.08.20"]
[Round "4"]
[White "Nataf, Igor Alexandre"]
[Black "Guidarelli, Laurent"]
[Result "1-0"]
[WhiteElo "2526"]
[BlackElo "2297"]
[PlyCount "65"]
[EventDate "2000.08.15"]
[Source "ChessBase"]
[SourceDate "2000.11.21"]

1. e4 c5 2. Nf3 d6 3. d4 Nf6 4. Nc3 cxd4 5. Nxd4 a6 6. Bg5 e6 7. f4 b5 8. e5 dxe5 9. fxe5 Qc7 10. Qe2 Nfd7 11. O-O-O Bb7 12. Qg4 Qxe5 13. Bd3 Be7 14. Bxe7 Kxe7 15. Rhe1 h5 16. Nf5+ Kd8 17. Qb4 Nc6 18. Qd6 Qxd6 19. Nxd6 Kc7 20. Nxf7 Rhe8 21. Bg6 Re7 22. Ng5 Nce5 23. Be4 Bxe4 24. Ncxe4 Nc6 25. Re3 Rf8 26. Red3 Ndb8 27. Rd6 Rfe8 28. c3 e5 29. Rg6 Nd7 30. Rdd6 Ncb8 31. Ne6+ Kc8 32. Nxg7 Rf8 33. Nxh5 1-0

[Event "6th Dubai Open"]
[Site "Dubai"]
[Date "2004.04.27"]
[Round "9.9"]
[White "Mahjoob, Morteza"]
[Black "Bouaziz, Slim"]
[Result "1/2-1/2"]
[WhiteElo "2478"]
[BlackElo "2345"]
[PlyCount "34"]
[EventDate "2004.04.19"]
[Source "Roberto Alvarez"]
[SourceDate "2004.05.03"]

1. e4 c5 2. Nf3 d6 3. d4 cxd4 4. Nxd4 Nf6 5. Nc3 a6 6. Bg5 e6 7. f4 b5 8. e5 dxe5 9. fxe5 Qc7 10. Qe2 Nfd7 11. O-O-O Nc6 12. Nxc6 Qxc6 13. Ne4 Bb7 14. Nd6+ Bxd6 15. exd6 O-O 16. Be7 Rfc8 17. Rd2 Qe4 1/2-1/2

[Event "Prilep"]
[Site "Prilep"]
[Date "1992.??.??"]
[Round "10"]
[White "Dimitrov, Vladimir"]
[Black "Jacimovic, Dragoljub"]
[Result "1-0"]
[WhiteElo "2405"]
[BlackElo "2415"]
[PlyCount "61"]
[EventDate "1992.??.??"]
[Source "www.chesslib.no"]
[SourceDate "2004.05.04"]

1. e4 c5 2. Nf3 d6 3. d4 cxd4 4. Nxd4 Nf6 5. Nc3 a6 6. Bg5 e6 7. f4 b5 8. e5 dxe5 9. fxe5 Qc7 10. exf6 Qe5+ 11. Be2 Qxg5 12. O-O Qe5 13. Kh1 Ra7 14. Bd3 Bc5 15. Nf3 Qxf6 16. Ne4 Qe7 17. Ne5 O-O 18. Nf6+ gxf6 19. Bxh7+ Kh8 20. Qh5 Kg7 21. Qg4+ Kh8 22. Rf3 fxe5 23. Bf5 f6 24. Rh3+ Qh7 25. Bxh7 Rxh7 26. Rxh7+ Kxh7 27. Rd1 f5 28. Qh5+ Kg7 29. Rd3 Nd7 30. Rg3+ Kf6 31. Qh7 1-0

[Event "Moscow3"]
[Site "Moscow"]
[Date "1991.??.??"]
[Round "?"]
[White "Zhidkov, Valery S"]
[Black "Iashvili, Akaki"]
[Result "0-1"]
[WhiteElo "2425"]
[BlackElo "2390"]
[PlyCount "66"]
[EventDate "1991.03.??"]
[Source "ChessBase"]

1. e4 c5 2. Nf3 d6 3. d4 cxd4 4. Nxd4 Nf6 5. Nc3 a6 6. Bg5 e6 7. f4 b5 8. Qf3 Nbd7 9. O-O-O Bb7 10. a3 Qb6 11. Qh3 Rc8 12. Nxe6 fxe6 13. Qxe6+ Be7 14. Bxf6 gxf6 15. Be2 Rxc3 16. Bh5+ Kd8 17. bxc3 Qe3+ 18. Kb2 Qxe4 19. Rhe1 Qxe6 20. Rxe6 Nc5 21. Re3 f5 22. g3 Ne4 23. h3 d5 24. g4 Bc5 25. Ree1 Ke7 26. gxf5 Kf6 27. Bf3 Re8 28. Bg4 Bc6 29. Rf1 Rh8 30. Rd3 h5 31. Bf3 Kxf5 32. Bxe4+ dxe4 33. Rg3 Be7 0-1

[Event "Coimbatore"]
[Site "Coimbatore"]
[Date "1987.??.??"]
[Round "?"]
[White "Mithrakanth, Poorna S"]
[Black "Zaichik, Gennadi L"]
[Result "0-1"]
[WhiteElo "2310"]
[BlackElo "2500"]
[PlyCount "58"]
[EventDate "1987.12.??"]
[Source "www.chesslib.no"]
[SourceDate "2004.05.04"]

1. e4 c5 2. Nf3 d6 3. d4 cxd4 4. Nxd4 Nf6 5. Nc3 a6 6. Bg5 e6 7. f4 b5 8. e5 dxe5 9. fxe5 Qc7 10. Qe2 Nfd7 11. O-O-O Bb7 12. Bf4 Nc6 13. Nxc6 Qxc6 14. Qg4 Rc8 15. Rd2 b4 16. Ne2 h5 17. Qg5 Qa4 18. Kb1 Nc5 19. b3 Qa5 20. Rd1 Ne4 21. Qh4 Be7 22. Qe1 Rxc2 23. Kxc2 Qxa2+ 24. Kc1 Qa1+ 25. Kc2 Qa2+ 26. Kc1 O-O 27. Ng3 Rc8+ 28. Bc4 Rxc4+ 29. bxc4 b3 0-1

[Event "otb"]
[Site "otb"]
[Date "2007.01.13"]
[Round "6"]
[White "Maki V"]
[Black "Anjuhin Alex"]
[Result "1/2-1/2"]
[WhiteElo "2406"]
[BlackElo "2395"]
[PlyCount "38"]
[Source "www.chesslib.no"]
[SourceDate "2004.05.04"]

1. Nf3 c5 2. e4 d6 3. d4 cxd4 4. Nxd4 Nf6 5. Nc3 a6 6. Bg5 e6 7. f4 b5 8. e5 dxe5 9. fxe5 Qc7 10. Qe2 Nfd7 11. O-O-O Bb7 12. Qg4 Qb6 13. Be2 Nxe5 14. Qg3 Nbd7 15. Bf4 b4 16. Na4 Qa5 17. Nb3 Qxa4 18. Bxe5 Rc8 19. Kb1 Nxe5 1/2-1/2

[Event "Skopje ol (Men)"]
[Site "Skopje MKD"]
[Date "1972.10.08"]
[Round "11.1"]
[White "Ardiansyah, Haji"]
[Black "Tatai, Stefano"]
[Result "1-0"]
[WhiteElo "2340"]
[BlackElo "2460"]
[PlyCount "59"]
[EventDate "1972.09.??"]
[Source "www.chesslib.no"]
[SourceDate "2004.05.04"]

1. e4 c5 2. Nf3 d6 3. d4 cxd4 4. Nxd4 Nf6 5. Nc3 a6 6. Bg5 e6 7. f4 b5 8. Qf3 Bb7 9. a3 Nbd7 10. O-O-O Qb6 11. f5 e5 12. Ne6 Rc8 13. Nxf8 Kxf8 14. Bxf6 Nxf6 15. Qd3 Ke7 16. Be2 Rxc3 17. Qxc3 Nxe4 18. Qb3 Nf2 19. Bh5 g6 20. f6+ Ke8 21. Bf3 Bxf3 22. Qxf3 Kd7 23. Qd5 Rf8 24. Rhe1 Nxd1 25. Rxe5 Kc7 26. Re7+ Kb8 27. Qxd1 Qc5 28. Kb1 Rc8 29. Rxf7 Qe5 30. Qg1 1-0

[Event "Oberliga Ost B9798"]
[Site "Germany"]
[Date "1998.??.??"]
[Round "?"]
[White "Ginsburg, Gennadij"]
[Black "Balzar, Andreas"]
[Result "1-0"]
[WhiteElo "2485"]
[BlackElo "2315"]
[PlyCount "59"]
[EventDate "1997.09.??"]
[Source "www.chesslib.no"]
[SourceDate "2004.05.04"]

1. e4 c5 2. Nf3 d6 3. d4 cxd4 4. Nxd4 Nf6 5. Nc3 a6 6. Bg5 e6 7. f4 b5 8. e5 dxe5 9. fxe5 Qc7 10. exf6 Qe5+ 11. Be2 Qxg5 12. O-O Qe5 13. Kh1 Bc5 14. Nf3 Qxf6 15. Ne4 Qe7 16. Nfg5 f5 17. Nxc5 Qxc5 18. a4 O-O 19. axb5 h6 20. Nf3 Ra7 21. Qd4 Qe7 22. Bc4 Kh7 23. Rfe1 Rd7 24. Qe5 Rd6 25. bxa6 Nxa6 26. Nd4 g6 27. Nxe6 Bxe6 28. Rxa6 Rxa6 29. Bxa6 Rd8 30. Bc4 1-0

[Event "Geneve op"]
[Site "Geneve"]
[Date "1995.??.??"]
[Round "1"]
[White "Hector, Jonny"]
[Black "Zimmer, Ralph"]
[Result "1-0"]
[WhiteElo "2540"]
[BlackElo "2260"]
[PlyCount "67"]
[EventDate "1995.??.??"]
[Source "ChessBase"]

1. e4 c5 2. Nf3 d6 3. d4 cxd4 4. Nxd4 Nf6 5. Nc3 a6 6. Bg5 e6 7. f4 b5 8. e5 dxe5 9. fxe5 Qc7 10. exf6 Qe5+ 11. Be2 Qxg5 12. Qd3 Qh4+ 13. g3 Qxf6 14. O-O-O Ra7 15. Ne4 Qe5 16. Nxb5 Rd7 17. Nbd6+ Bxd6 18. Nxd6+ Ke7 19. Nxc8+ Rxc8 20. Qa3+ Qc5 21. Rxd7+ Kxd7 22. Rd1+ Ke7 23. Qd3 g6 24. c3 f5 25. h4 Qe5 26. h5 gxh5 27. Bxh5 Kf6 28. Qd2 Qxg3 29. Qh6+ Ke5 30. Rd2 Qg8 31. Re2+ Kd6 32. Qf4+ Kd7 33. Rd2+ Ke7 34. Qh4+ 1-0

[Event "Wellington"]
[Site "Wellington NZL"]
[Date "1978.??.??"]
[Round "?"]
[White "Sampouw, Jacobus S"]
[Black "Quinteros, Miguel A"]
[Result "0-1"]
[WhiteElo "2315"]
[BlackElo "2480"]
[PlyCount "120"]
[EventDate "1978.04.??"]
[Source "www.chesslib.no"]
[SourceDate "2004.05.04"]

1. e4 c5 2. Nf3 d6 3. d4 Nf6 4. Nc3 cxd4 5. Nxd4 a6 6. Bg5 e6 7. f4 b5 8. e5 dxe5 9. fxe5 Qc7 10. exf6 Qe5+ 11. Qe2 Qxg5 12. g3 gxf6 13. Bg2 Ra7 14. Ne4 Qe5 15. O-O-O Be7 16. Rhe1 Rd7 17. Nf3 Qc7 18. Qe3 h6 19. Kb1 Rxd1+ 20. Rxd1 Nd7 21. Nf2 Nb6 22. Nd3 Nd5 23. Qd2 Bb7 24. Nd4 Qb6 25. Bxd5 Bxd5 26. Nf4 Be4 27. Qe2 Bh7 28. Qg4 Rg8 29. Qh5 Qc5 30. Qf3 Qc8 31. Nc6 Rg5 32. Ka1 Qb7 33. Nd4 Be4 34. Qe3 e5 35. Re1 Bh7 36. h4 exf4 37. gxf4 Rd5 38. Qg1 Kf8 39. c3 Rd7 40. f5 Qd5 41. Qe3 Bxf5 42. Qxh6+ Kg8 43. Qh5 Bg6 44. Qxd5 Rxd5 45. Rxe7 Rh5 46. Ra7 Rxh4 47. b4 f5 48. Rxa6 f4 49. a4 bxa4 50. Rxa4 Be4 51. b5 f3 52. Nxf3 Rh1+ 53. Ng1 Rxg1+ 54. Ka2 f5 55. c4 Kf7 56. c5 Rc1 57. Ra7+ Ke6 58. c6 Bxc6 59. Ra6 Kd5 60. Kb3 Bxb5 0-1

[Event "SWE-ch"]
[Site "Stockholm"]
[Date "1977.??.??"]
[Round "?"]
[White "Rorvall, Goran"]
[Black "Kaiszauri, Konstanty"]
[Result "0-1"]
[WhiteElo "2410"]
[BlackElo "2385"]
[PlyCount "50"]
[EventDate "1977.07.03"]
[Source "ChessBase"]

1. e4 c5 2. Nf3 d6 3. d4 cxd4 4. Nxd4 Nf6 5. Nc3 a6 6. Bg5 e6 7. f4 b5 8. e5 dxe5 9. fxe5 Qc7 10. Qe2 Nfd7 11. O-O-O Bb7 12. Qg4 Qxe5 13. Be2 Nf6 14. Qh4 Be7 15. Rhe1 Qc5 16. Bd3 Nc6 17. Rxe6 Nxd4 18. Ree1 Ne6 19. Be3 Qb4 20. Qg3 O-O 21. Bf5 Rfd8 22. Bxe6 fxe6 23. Qc7 Bd5 24. Bg5 Bd6 25. Qb6 Bc5 0-1

[Event "Vrnjacka Banja"]
[Site "Vrnjacka Banja"]
[Date "1989.??.??"]
[Round "?"]
[White "Kontic, Djordjije"]
[Black "Sahovic, Dragutin"]
[Result "1-0"]
[WhiteElo "2385"]
[BlackElo "2410"]
[PlyCount "93"]
[EventDate "1989.04.??"]
[Source "ChessBase"]

1. e4 c5 2. Nf3 d6 3. d4 cxd4 4. Nxd4 Nf6 5. Nc3 a6 6. Bg5 e6 7. f4 b5 8. Bd3 Nbd7 9. Qe2 Qb6 10. Nb3 b4 11. Nb1 a5 12. Bh4 e5 13. N1d2 a4 14. Nc4 Qc7 15. Nbd2 exf4 16. Bg5 Ne5 17. Bxf4 Be6 18. O-O Be7 19. Kh1 O-O 20. Bg3 Nfd7 21. Nxe5 dxe5 22. Bc4 Qc6 23. Bxe6 Qxe6 24. Nc4 Bc5 25. Rad1 Bd4 26. c3 bxc3 27. bxc3 Bxc3 28. Rd6 Qe7 29. Qd3 Bd4 30. Rxd7 Qxd7 31. Nxe5 Qe6 32. Qxd4 Qxa2 33. Nd7 Rfd8 34. Bc7 Qe6 35. Bxd8 Rxd8 36. Rd1 Kh8 37. Qd5 a3 38. Qa5 Qe7 39. Qa4 a2 40. Qxa2 Qb4 41. Qxf7 h6 42. Rf1 Qd6 43. Nf8 Qd3 44. Ng6+ Kh7 45. Nf8+ Kh8 46. Qf5 Kg8 47. Qh7# 1-0

[Event "EYb18"]
[Site "?"]
[Date "2005.09.14"]
[Round "1"]
[White "Laznicka Viktor"]
[Black "Miron Lucian-Costin"]
[Result "1-0"]
[WhiteElo "2517"]
[BlackElo "2275"]
[PlyCount "57"]
[EventDate "2005.??.??"]
[Source "www.chesslib.no"]
[SourceDate "2004.05.04"]

1. e4 c5 2. Nf3 d6 3. d4 cxd4 4. Nxd4 Nf6 5. Nc3 a6 6. Bg5 e6 7. f4 b5 8. Qf3 Bb7 9. O-O-O Nbd7 10. Bd3 Qb6 11. Bxf6 gxf6 12. Nce2 Nc5 13. f5 e5 14. Nb3 a5 15. Nxc5 Qxc5 16. Nc3 Bc6 17. Bxb5 Bxb5 18. Rd5 Qc4 19. Rxb5 a4 20. Rd1 Be7 21. a3 Rg8 22. Rb4 Qc6 23. Nd5 Bd8 24. Rd3 Kf8 25. Rc3 Qd7 26. Rcc4 Rg7 27. Kb1 Ba5 28. Rxa4 Qb7 29. b4 1-0